000 01711nam a2200289 i 4500
001 22163
003 ES-MaACL
005 20260201161306.0
007 t|
008 021220s1847 sp f ||||1|dspa d
100 1 _aAzara, José Nicolás de,
_d1730-1804
_924235
245 1 0 _aRevoluciones de Roma que causaron la destitución del papa Pío VI como soberano temporal, y el establecimiento de la última República Romana, así como la conquista de aquella parte de Italia por los franceses mandados por Napoleón, y relación de la política de España y de los sucesos de Francia posteriores a estos acontecimientos
_bmemorias originales del... Sr. D. José Nicolás de Azara /
_cobra póstuma que publica su sobrino el Sr. D. Agustín de Azara ; bajo la dirección de Basilio Sebastián Castellanos de Losada.
246 3 4 _iTít. de anteport.
_aMemorias del Escmo. Sr. D. José Nicolás de Azara, primer marqués de Nibbiano
260 _aMadrid :
_b[s.n.],
_c1847 (
_fImp. de Sánchiz)
300 _aVII, 339 p., [1] h. de lám ;
_c21 cm.
530 _aDisponible en formato digital.
599 _aRetr. del autor.
600 1 4 _aAzara, José Nicolás de,
_d1730-1804
_924235
650 4 _aGuerra de la Primera Coalición, 1792-1797-
_xCampañas-
_zItalia.
_9153309
651 4 _aFrancia-
_xHistoria-
_y1789-1799, Revolución-
_vRelatos personales.
_9155372
651 4 _aItalia-
_xHistoria-
_y1789-1815.
_98867
700 1 _aAzara, Agustín de,
_d1801-
_9155373
700 1 _aCastellanos de Losada, Basilio Sebastián,
_d1807-1891
_936540
852 _aES-MaACL
_jT-26-F-2
856 _uhttp://bdh-rd.bne.es/viewer.vm?id=0000244261&page=1
_zBiblioteca Digital Hispánica
999 _c22163
_d22163